|
|
|
|
| LEADER |
00772nam a2200217 a 4500 |
| 001 |
5659 |
| 003 |
BD-DhAAL |
| 005 |
20150916143243.0 |
| 008 |
150916s1954 uk 000 0 eng d |
| 020 |
|
|
|a 019442118x
|
| 040 |
|
|
|a QUT
|b eng
|c QUT
|d NSL:R
|d BD-DhAAL
|
| 082 |
0 |
4 |
|a 428.24
|
| 100 |
1 |
|
|a Hornby, A. S.
|q (Albert Sydney)
|9 14716
|
| 245 |
1 |
2 |
|a A guide to patterns and usage in English /
|c [by] Albert S. Hornby.
|
| 250 |
|
|
|a 2nd ed.
|
| 260 |
|
|
|a London :
|b Oxford University Press,
|c 1975.
|
| 300 |
|
|
|a xv, 238 p. ;
|c 22 cm.
|
| 650 |
|
0 |
|a English language
|x Idioms.
|9 14717
|
| 942 |
|
|
|2 ddc
|c BK
|
| 999 |
|
|
|c 35563
|d 35563
|
| 952 |
|
|
|0 0
|1 0
|2 ddc
|4 0
|6 428_240000000000000_HOR
|7 0
|9 55934
|a SCL
|b SCL
|c GEN
|d 2015-09-16
|g 60.00
|l 1
|m 3
|o 428.24 HOR
|p 3020005659
|r 2017-03-03
|s 2017-02-03
|t 1
|w 2015-09-16
|y BK
|